| 000 | 00380 a2200169 4500 | ||
|---|---|---|---|
| 001 | 195173 | ||
| 020 | _a978-85-513-0395-5 | ||
| 040 | _cMagnum | ||
| 100 | _aGullar, Ferreira | ||
| 240 | 1 | 0 |
_aDr. Urubu e outras fábulas _l |
| 245 | 1 | 0 | _aDr. Urubu e outras fábulas |
| 300 | _a45 | ||
| 362 | 0 | _a2020 | |
| 440 | 1 | _aJosé Olympio | |
| 697 | _aLITERATURA INFANTO | ||
| 942 | _cBK | ||
| 999 |
_c195173 _d195173 |
||